The Pearson Guide to Objective Mathematics (Record no. 217991)
[ view plain ]
| 000 -LEADER | |
|---|---|
| fixed length control field | 01059 a2200181 4500 |
| 003 - CONTROL NUMBER IDENTIFIER | |
| control field | Nust |
| 005 - DATE AND TIME OF LATEST TRANSACTION | |
| control field | 20221107123828.0 |
| 020 ## - INTERNATIONAL STANDARD BOOK NUMBER | |
| International Standard Book Number | 8129703890 |
| 040 ## - CATALOGING SOURCE | |
| Transcribing agency | Nust |
| 082 ## - DEWEY DECIMAL CLASSIFICATION NUMBER | |
| Classification number | 510,SHA |
| 100 ## - MAIN ENTRY--PERSONAL NAME | |
| Personal name | Sharma,J.K |
| 9 (RLIN) | 102409 |
| 245 ## - TITLE STATEMENT | |
| Title | The Pearson Guide to Objective Mathematics |
| Remainder of title | For Engineering Entrance Examination / |
| Statement of responsibility, etc. | J.K.Sharma, Dinesh Khattar & Anita Khattar |
| 260 ## - PUBLICATION, DISTRIBUTION, ETC. | |
| Place of publication, distribution, etc. | Pearson Education |
| Name of publisher, distributor, etc. | New Delhi |
| Date of publication, distribution, etc. | 2004 |
| 300 ## - PHYSICAL DESCRIPTION | |
| Extent | ix, 1252 p |
| 505 ## - FORMATTED CONTENTS NOTE | |
| Formatted contents note | Functions (Page-1), Limits (Page-45), Continuity and diffferentiability (Page-79), Differentiation (Page-112), Differential equations (Page-322), Cirvles (Page-406), Permutations and Combinations (Page-680), Matrices (Page-755), Determinants (Page-779), Trigonometric rations and identities (Page-811), Trigonometric Euations (Page-847), Probability (Page-919), Statistics (Page-963), Vectors (Page-982), Dynamics (Page-1091), Set theory (Page-1118), Numerical Methods (Page-1133), Hypernolic Functions (Page-1151). |
| 650 ## - SUBJECT ADDED ENTRY--TOPICAL TERM | |
| Topical term or geographic name entry element | Engineering Entrance Examination |
| 9 (RLIN) | 102319 |
| 942 ## - ADDED ENTRY ELEMENTS (KOHA) | |
| Source of classification or shelving scheme | |
| Koha item type | Book |
| Call number prefix | 510,SHA |
| Withdrawn status | Lost status | Source of classification or shelving scheme | Damaged status | Not for loan | Permanent Location | Current Location | Shelving location | Date acquired | Total Checkouts | Full call number | Barcode | Date last seen | Date last checked out | Price effective from | Koha item type | Public note |
|---|---|---|---|---|---|---|---|---|---|---|---|---|---|---|---|---|
| Military College of Signals (MCS) | Military College of Signals (MCS) | General Stacks | 12/12/2016 | 1 | 510,SHA | MCS32649 | 08/12/2024 | 07/30/2024 | 12/12/2016 | Book | Almirah No.10, Shelf No.2 |
